Estatísticas para Músicas portuguesas mais ouvidas

Clique aqui para jogar o quiz

Estatísticas Gerais

  • Esse quiz foi jogado 31 vezes
  • A pontuação média é 4 de 10

Estatísticas das Respostas

HintResposta% Correto
Bárbara Bandeira ft Bárbara TinocoCidade
72%
Diogo Piçarra ft BispoMonarquia
69%
Bárbara Bandeira ft CarminhoOnde Vais
69%
RaroFernando Daniel
59%
Pode TentarManinho
41%
DesajeitadoAndré Amaro
31%
BarracadaDeejay Telio
28%
Andra ft Lil EddieInvisible
14%
Djodje,Deejay Telio ,Julinho KsdSima Ncre
14%
Mesmo CoraçãoAtalho
10%

Distribuição das Pontuações

Percentil de Números Respondidos

Porcentagem de Pessoas com Cada Pontuação

Sua Pontuação Histórica

Você não jogou esse quiz